000 00377nam a22001577a 4500
999 _c973
_d973
008 200102b ||||| |||| 00| 0 eng d
082 0 0 _a621.2
_bC7671
100 _9536
_aConway, H.G.
245 1 0 _aFluid pressure mechanism
_cby H G Conway
250 _a1st
260 _aLondon
_bPitman
_c1949
300 _aix,218p.
365 _d14.01
650 0 _aFluid dynamics
942 _cBK